000 00672nam a2200229Ia 4500
003 OSt
005 20220923223516.0
006 a|||||r|||| 00| 0
007 ta
008 Pun
024 _a218,370
037 _cTextual
040 _aARTS
_cARTS
_bPun
041 _2Pun
_aPun
082 _aU8.56.N93, 153P2
100 _aਹੁੰਦਲ, ਹਰਿਭਜਨ ਸਿੰਘ
245 0 _aਘੁੰਮਦੇ ਫਿਰਦਿਆਂ
260 _aਦਿੱਲੀ
_b ਔਚ ਕੇ ਪ੍ਰਕਾFਨ
_c2002
300 _a159ਪੰ
_ccm.
942 _hU8.56.N93, 153P2
_cTEXL
_2CC
999 _c365831
_d365831